00310nam a2200121Ia 4500008004100000041000800041082001500049100002900064245003100093260003300124300002400157365000700181240624s9999 xx 000 0 und d aeng a891.43 TIW aTIWARI VISHVANATH PRASAD aMAHADEVI RACHANA SANCHAYAN c2011aDelhibSahitya Academy a295 : p. : cm. ; 22 cRS